[Event "BL2-Nord 2324"]
[Site "Germany"]
[Date "2024.03.16"]
[Round "9.3"]
[White "Andre, Gordon"]
[Black "Neumeier, Lars"]
[Result "1/2-1/2"]
[WhiteElo "2336"]
[BlackElo "2312"]
[PlyCount "72"]
[EventDate "2023.10.21"]
[EventType "team-tourn"]
[EventRounds "10"]
[EventCountry "GER"]
[SourceTitle "EXT 2025"]
[Source "ChessBase"]
[SourceDate "2024.10.14"]
[SourceVersion "1"]
[SourceVersionDate "2024.10.14"]
[SourceQuality "1"]
[WhiteTeam "Magdeburg"]
[BlackTeam "Pankow Rotation"]
[WhiteTeamCountry "GER"]
[BlackTeamCountry "GER"]

1. c4 Nf6 2. Nc3 g6 3. d4 Bg7 4. e4 d6 5. f3 0-0 6. Nge2 a6 7. a4 Nbd7 8. Bg5 c5 9. d5 Qa5 10. Ng3 Re8 11. Be2 h6 12. Bd2 Qc7 13. 0-0 b6 14. f4 e6 15. dxe6 Rxe6 16. Qc2 Re8 17. h4 Nf8 18. h5 Qd8 19. hxg6 fxg6 20. Rae1 Ng4 21. Bxg4 Bxg4 22. e5 dxe5 23. f5 Qh4 24. Nce4 gxf5 25. Nxf5 Bxf5 26. Rxf5 Ne6 27. Qd1 Nf4 28. Nd6 Rf8 29. Bxf4 exf4 30. Qd5+ Kh7 31. Re4 Rad8 32. Rxf8 Rxf8 33. Nf5 Qg5 34. Nxg7 Qxd5 35. cxd5 Kxg7 36. Kf2 Rf5 1/2-1/2

[Event "BL2-Nord 2324"]
[Site "Germany"]
[Date "2023.12.03"]
[Round "4.5"]
[White "Lampe, Dirk"]
[Black "Neumeier, Lars"]
[Result "0-1"]
[WhiteElo "2153"]
[BlackElo "2312"]
[PlyCount "48"]
[EventDate "2023.10.21"]
[EventType "team-tourn"]
[EventRounds "10"]
[EventCountry "GER"]
[SourceTitle "EXT 2025"]
[Source "ChessBase"]
[SourceDate "2024.10.14"]
[SourceVersion "1"]
[SourceVersionDate "2024.10.14"]
[SourceQuality "1"]
[WhiteTeam "Luebeck"]
[BlackTeam "Pankow Rotation"]
[WhiteTeamCountry "GER"]
[BlackTeamCountry "GER"]

1. e4 c5 2. Nf3 d6 3. d4 cxd4 4. Nxd4 Nf6 5. Nc3 g6 6. Be2 Bg7 7. 0-0 0-0 8. Re1 a6 9. Bf1 b6 10. Bg5 Bb7 11. Qd2 Re8 12. Rad1 Nbd7 13. f3 Rc8 14. Nde2 Ne5 15. b3 Qc7 16. Rc1 b5 17. Be3 e6 18. a4 d5 19. axb5 dxe4 20. b6 Qb8 21. Nxe4 Bxe4 22. fxe4 Nfg4 23. Ng3 Nxe3 24. Qxe3 Ng4 0-1

[Event "Oberliga Nord O 2223"]
[Site "Germany"]
[Date "2023.01.15"]
[Round "4.3"]
[White "Foerster, Jonas"]
[Black "Neumeier, Lars"]
[Result "1/2-1/2"]
[WhiteElo "2296"]
[BlackElo "2289"]
[PlyCount "71"]
[EventDate "2022.10.23"]
[EventType "team-tourn"]
[EventRounds "9"]
[EventCountry "GER"]
[SourceTitle "EXT 2025"]
[Source "ChessBase"]
[SourceDate "2024.10.14"]
[SourceVersion "1"]
[SourceVersionDate "2024.10.14"]
[SourceQuality "1"]
[WhiteTeam "Berlin Empor"]
[BlackTeam "Pankow Rotation"]
[WhiteTeamCountry "GER"]
[BlackTeamCountry "GER"]

1. e4 c5 2. Nf3 d6 3. Bc4 e6 4. 0-0 Nf6 5. Re1 Be7 6. c3 0-0 7. Bf1 b6 8. d3 Bb7 9. Nbd2 Qc7 10. g3 Nc6 11. a3 Rad8 12. b4 Ne5 13. Bb2 Nxf3+ 14. Qxf3 d5 15. e5 Nd7 16. d4 f6 17. Qg4 f5 18. Qd1 a5 19. Qb3 Rf7 20. Rac1 c4 21. Qc2 g5 22. Rb1 Nf8 23. bxa5 bxa5 24. Bc1 Bc6 25. h3 Rb8 26. Be2 Rxb1 27. Qxb1 Rg7 28. Bd1 Nd7 29. Bc2 Qb6 30. Qa2 Qb8 31. a4 Qf8 32. Qb1 Qe8 33. Kg2 Qd8 34. Bb2 Nb6 35. Qa2 Qe8 36. Ra1 1/2-1/2

[Event "Oberliga Nord O 2223"]
[Site "Germany"]
[Date "2022.11.27"]
[Round "2.3"]
[White "Anibar, Ahmed"]
[Black "Neumeier, Lars"]
[Result "1-0"]
[WhiteElo "2285"]
[BlackElo "2289"]
[PlyCount "55"]
[EventDate "2022.10.23"]
[EventType "team-tourn"]
[EventRounds "9"]
[EventCountry "GER"]
[SourceTitle "EXT 2025"]
[Source "ChessBase"]
[SourceDate "2024.10.14"]
[SourceVersion "1"]
[SourceVersionDate "2024.10.14"]
[SourceQuality "1"]
[WhiteTeam "König Tegel"]
[BlackTeam "Pankow Rotation"]
[WhiteTeamCountry "GER"]
[BlackTeamCountry "GER"]

1. e4 c5 2. Nf3 d6 3. d4 cxd4 4. Qxd4 Nc6 5. Qe3 g6 6. c4 Nf6 7. h3 Bg7 8. Be2 0-0 9. 0-0 Nd7 10. Nc3 Nde5 11. Rd1 Nxf3+ 12. Bxf3 Qa5 13. Nb5 Be6 14. Bd2 Qd8 15. Bc3 Bxc4 16. Bxg7 Kxg7 17. Nd4 Ne5 18. Bg4 Qb6 19. b3 Ba6 20. Qg5 Rae8 21. Nf5+ Kh8 22. Ne3 Bd3 23. Nd5 Qd8 24. Qe3 Ba6 25. Qc3 Kg8 26. Nc7 f5 27. exf5 Nxg4 28. Ne6 1-0

[Event "BL2-Nord 2122"]
[Site "Germany"]
[Date "2022.06.19"]
[Round "8.4"]
[White "Socko, Monika"]
[Black "Neumeier, Lars"]
[Result "1-0"]
[WhiteElo "2413"]
[BlackElo "2312"]
[PlyCount "61"]
[EventDate "2022.03.05"]
[EventType "team-tourn"]
[EventRounds "10"]
[EventCountry "GER"]
[SourceTitle "EXT 2023"]
[Source "ChessBase"]
[SourceDate "2022.10.05"]
[SourceVersion "1"]
[SourceVersionDate "2022.10.05"]
[SourceQuality "1"]
[WhiteTeam "St Pauli"]
[BlackTeam "Berlin Rotation"]
[WhiteTeamCountry "GER"]
[BlackTeamCountry "GER"]

1. d4 Nf6 2. c4 c5 3. d5 b5 4. cxb5 a6 5. e3 axb5 6. Bxb5 Qa5+ 7. Nc3 Bb7 8. Bd2 Qb6 9. Nf3 e6 10. dxe6 fxe6 11. 0-0 Be7 12. Qe2 0-0 13. e4 Nc6 14. Bxc6 Bxc6 15. Ne5 Bb7 16. Rfe1 Ba6 17. Qd1 Qc7 18. f4 Rab8 19. b3 Bd6 20. Nf3 Bxf4 21. Bxf4 Qxf4 22. e5 Ng4 23. Qxd7 Qh6 24. Qd2 Qg6 25. Qg5 Qxg5 26. Nxg5 Rbe8 27. Nce4 c4 28. Nd6 Re7 29. bxc4 Nf2 30. Re3 Rf4 31. Ra3 1-0

[Event "BL2-Nord 2122"]
[Site "Germany"]
[Date "2022.06.18"]
[Round "7.4"]
[White "Neumeier, Lars"]
[Black "Breutigam, Martin"]
[Result "1-0"]
[WhiteElo "2312"]
[BlackElo "2380"]
[PlyCount "101"]
[EventDate "2022.03.05"]
[EventType "team-tourn"]
[EventRounds "10"]
[EventCountry "GER"]
[SourceTitle "EXT 2023"]
[Source "ChessBase"]
[SourceDate "2022.10.05"]
[SourceVersion "1"]
[SourceVersionDate "2022.10.05"]
[SourceQuality "1"]
[WhiteTeam "Berlin Rotation"]
[BlackTeam "Werder Bremen II"]
[WhiteTeamCountry "GER"]
[BlackTeamCountry "GER"]

1. d4 d5 2. Nf3 c5 3. e3 e6 4. c4 Nf6 5. Nc3 a6 6. cxd5 exd5 7. Be2 Nc6 8. 0-0 Bd6 9. dxc5 Bxc5 10. a3 0-0 11. b4 Bd6 12. Bb2 Re8 13. Rc1 Bb8 14. Qc2 Qd6 15. Rfd1 d4 16. g3 Ba7 17. Na4 Bg4 18. Nc5 Bxc5 19. bxc5 Qd5 20. Nxd4 Nxd4 21. Rxd4 Qh5 22. Bxg4 Nxg4 23. h4 Ne5 24. Qd1 Qf5 25. Rd5 Qe4 26. Bxe5 Rxe5 27. Rxe5 Qxe5 28. Qd4 Qc7 29. Qe4 Rc8 30. Rb1 h5 31. Rxb7 Qxc5 32. a4 Qc1+ 33. Kg2 Qc6 34. Qxc6 Rxc6 35. Ra7 g6 36. a5 Kg7 37. Kf3 Kf6 38. Kf4 Ke6 39. e4 f6 40. f3 Kd6 41. g4 hxg4 42. Kxg4 Ke5 43. Re7+ Kd4 44. Kf4 Rc5 45. Rd7+ Kc4 46. Rd6 g5+ 47. Kg4 gxh4 48. Rxa6 f5+ 49. exf5 Kd5 50. Kxh4 Ke5 51. Kg5 1-0

[Event "Oberliga Nord O 1920"]
[Site "Germany"]
[Date "2020.01.18"]
[Round "6.3"]
[White "Venske, Kai Gerrit"]
[Black "Neumeier, Lars"]
[Result "0-1"]
[WhiteElo "2175"]
[BlackElo "2300"]
[PlyCount "78"]
[EventDate "2019.09.29"]
[EventType "team-tourn"]
[EventRounds "9"]
[EventCountry "GER"]
[SourceTitle "CBM 195 Extra"]
[Source "ChessBase"]
[SourceDate "2020.05.31"]
[SourceVersion "1"]
[SourceVersionDate "2020.05.31"]
[SourceQuality "1"]

1. d4 Nf6 2. Bg5 Ne4 3. Bf4 c5 4. f3 Nf6 5. d5 d6 6. e4 e6 7. Nc3 a6 8. a4 exd5 9. exd5 Be7 10. Bd3 0-0 11. Nge2 Nh5 12. Bd2 f5 13. 0-0 Nd7 14. Nf4 Nxf4 15. Bxf4 g5 16. Bg3 f4 17. Be1 Ne5 18. Be4 Rf6 19. Qe2 Rh6 20. Nd1 Qe8 21. Nf2 Bd7 22. Bc3 Bf6 23. h3 Bxa4 24. Bxe5 Bxe5 25. Ng4 Bd4+ 26. Kh2 Rh4 27. c3 Bg7 28. Rfe1 Bd7 29. Qc2 Qf8 30. Nf2 h5 31. Bh7+ Kh8 32. Ne4 Bh6 33. Nf2 g4 34. fxg4 hxg4 35. Nxg4 Bxg4 36. Bg6 f3 37. Qf2 Bf4+ 38. Kg1 Rh6 39. Be4 fxg2 0-1

[Event "Oberliga Nord O 1718"]
[Site "Germany"]
[Date "2017.10.23"]
[Round "2.2"]
[White "Neumeier, Lars"]
[Black "Breier, Andreas"]
[Result "0-1"]
[WhiteElo "2333"]
[BlackElo "2375"]
[PlyCount "82"]
[EventDate "2017.10.08"]
[EventType "team-tourn"]
[EventRounds "9"]
[EventCountry "GER"]
[SourceTitle "EXT 2019"]
[Source "ChessBase"]
[SourceDate "2018.10.10"]
[SourceVersion "1"]
[SourceVersionDate "2018.10.10"]
[SourceQuality "1"]
[WhiteTeam "Berlin Rotation"]
[BlackTeam "Berlin Tegel II"]
[WhiteTeamCountry "GER"]
[BlackTeamCountry "GER"]

1. d4 e6 2. Nf3 c5 3. e3 b6 4. b3 Bb7 5. Bd3 cxd4 6. exd4 Bb4+ 7. c3 Be7 8. 0-0 Nf6 9. Nbd2 Nd5 10. c4 Nf4 11. Bc2 d5 12. cxd5 Bxd5 13. Ne4 g5 14. Be3 Nc6 15. Rc1 Nb4 16. Bb1 Nxa2 17. Bxf4 gxf4 18. Ne5 Nxc1 19. Qh5 Ne2+ 20. Kh1 Rf8 21. Qxe2 Qc7 22. Qb5+ Kd8 23. f3 a6 24. Qe2 f5 25. Nf2 Qc3 26. Nfd3 Qxd4 27. Rd1 Qe3 28. Qc2 Rc8 29. Nc4 Bxc4 30. bxc4 Kc7 31. Re1 Qd4 32. Rxe6 Bd6 33. Qa4 Rfd8 34. Qxa6 Ra8 35. Qb5 Ra5 36. Qb3 Ra3 37. Qb5 Ra5 38. Qb3 Ra3 39. Qb5 Rxd3 40. Bxd3 Qxd3 41. h4 Rg8 0-1

[Event "BL2-Nord 1617"]
[Site "Germany"]
[Date "2017.04.23"]
[Round "8.4"]
[White "Nogly, Christoph"]
[Black "Neumeier, Lars"]
[Result "0-1"]
[WhiteElo "2241"]
[BlackElo "2348"]
[PlyCount "94"]
[EventDate "2016.10.16"]
[EventType "team-tourn"]
[EventRounds "9"]
[EventCountry "GER"]
[SourceTitle "EXT 2018"]
[Source "ChessBase"]
[SourceDate "2017.10.13"]
[SourceVersion "1"]
[SourceVersionDate "2017.10.13"]
[SourceQuality "1"]
[WhiteTeam "Berlin SF II"]
[BlackTeam "Pankow Rotation"]
[WhiteTeamCountry "GER"]
[BlackTeamCountry "GER"]

1. d4 Nf6 2. c4 c5 3. d5 b5 4. Nf3 bxc4 5. Nc3 d6 6. e4 g6 7. Bxc4 Bg7 8. 0-0 0-0 9. Re1 Bg4 10. h3 Bxf3 11. Qxf3 Nbd7 12. Qe2 Rb8 13. Rb1 Ne8 14. Bd2 Ne5 15. b3 Nc7 16. Nb5 Nxc4 17. bxc4 Nxb5 18. cxb5 Qd7 19. a4 a6 20. Qc4 axb5 21. axb5 Rb7 22. Rb3 Ra8 23. Reb1 Rb6 24. Be3 Ra5 25. f4 Qa7 26. e5 Ra4 27. Qc2 Qa8 28. Qd1 Bh6 29. Qf3 Qc8 30. Rf1 Qf5 31. exd6 exd6 32. g4 Qc2 33. Qd1 Qxd1 34. Rxd1 Bxf4 35. Kf2 Bxe3+ 36. Kxe3 Rb4 37. Rxb4 cxb4 38. Kd4 Rxb5 39. Kc4 Rb7 40. Kb3 Kg7 41. g5 h6 42. h4 hxg5 43. hxg5 Rb6 44. Rd2 Rb5 45. Kc4 Rc5+ 46. Kxb4 f6 47. Re2 fxg5 0-1

[Event "BL2-Nord 1617"]
[Site "Germany"]
[Date "2017.02.19"]
[Round "6.4"]
[White "Grigorian, Spartak"]
[Black "Neumeier, Lars"]
[Result "1/2-1/2"]
[WhiteElo "2339"]
[BlackElo "2348"]
[PlyCount "38"]
[EventDate "2016.10.16"]
[EventType "team-tourn"]
[EventRounds "9"]
[EventCountry "GER"]
[SourceTitle "EXT 2018"]
[Source "ChessBase"]
[SourceDate "2017.10.13"]
[SourceVersion "1"]
[SourceVersionDate "2017.10.13"]
[SourceQuality "1"]
[WhiteTeam "Werder Bremen II"]
[BlackTeam "Pankow Rotation"]
[WhiteTeamCountry "GER"]
[BlackTeamCountry "GER"]

1. d4 Nf6 2. c4 c5 3. d5 b5 4. cxb5 a6 5. bxa6 g6 6. Nc3 Bxa6 7. e4 Bxf1 8. Kxf1 d6 9. Nf3 Nbd7 10. g3 Bg7 11. Kg2 0-0 12. Qe2 Qc7 13. a4 Qb7 14. Nb5 Nb6 15. a5 Nbd7 16. Ra4 Rfb8 17. Nc3 Ra6 18. Bd2 Qa8 19. Nb5 Qb7 1/2-1/2

[Event "BL2-Nord 1617"]
[Site "Germany"]
[Date "2016.12.04"]
[Round "3.4"]
[White "Neumeier, Lars"]
[Black "Krause, Benedict"]
[Result "1/2-1/2"]
[WhiteElo "2348"]
[BlackElo "2410"]
[PlyCount "148"]
[EventDate "2016.10.16"]
[EventType "team-tourn"]
[EventRounds "9"]
[EventCountry "GER"]
[SourceTitle "EXT 2018"]
[Source "ChessBase"]
[SourceDate "2017.10.13"]
[SourceVersion "1"]
[SourceVersionDate "2017.10.13"]
[SourceQuality "1"]
[WhiteTeam "Pankow Rotation"]
[BlackTeam "Norderstedt"]
[WhiteTeamCountry "GER"]
[BlackTeamCountry "GER"]

1. d4 Nf6 2. Nf3 g6 3. c4 Bg7 4. Nc3 d5 5. cxd5 Nxd5 6. e4 Nxc3 7. bxc3 c5 8. Be3 Bg4 9. Bb5+ Nc6 10. 0-0 cxd4 11. cxd4 0-0 12. Bxc6 bxc6 13. Rc1 Qa5 14. Rxc6 Qxa2 15. Rc7 a5 16. h3 Bxf3 17. Qxf3 e6 18. e5 Rac8 19. Rfc1 Rxc7 20. Rxc7 a4 21. Ra7 a3 22. Qb7 Qa1+ 23. Kh2 Qb2 24. Qa6 h6 25. Qxa3 Qxa3 26. Rxa3 g5 27. h4 f6 28. hxg5 hxg5 29. exf6 Bxf6 30. Ra5 Kf7 31. Kg3 Kg6 32. Kg4 Rd8 33. g3 Rd6 34. Rb5 Rd7 35. Rb6 Kf7 36. Rb5 Kg6 37. Rb6 Kf7 38. Kh5 Bxd4 39. Bxd4 Rxd4 40. Kxg5 Rd5+ 41. Kg4 Rd4+ 42. Kg5 Rd5+ 43. Kf4 Rf5+ 44. Ke3 Re5+ 45. Kd3 Kf6 46. Rb4 Ra5 47. Ke3 Kf5 48. Rf4+ Ke5 49. Kf3 Ra8 50. Rf7 Ra4 51. g4 Ra3+ 52. Kg2 Kd6 53. g5 e5 54. Rf3 Ra4 55. g6 Ke7 56. g7 Ra8 57. Rg3 Kf7 58. Kh3 Kg8 59. Kh4 Ra2 60. f3 Rh2+ 61. Kg5 Kxg7 62. Kf5+ Kf7 63. Kxe5 Rh5+ 64. Ke4 Ra5 65. f4 Kf6 66. Rb3 Kf7 67. Rb6 Ke7 68. Kf3 Kf7 69. Kg4 Rc5 70. f5 Rc1 71. Rb7+ Kf6 72. Rb6+ Kf7 73. Rb4 Kf6 74. Rb6+ Kf7 1/2-1/2

[Event "BL2-Nord 1617"]
[Site "Germany"]
[Date "2016.11.19"]
[Round "4.4"]
[White "Berg, Klaus"]
[Black "Neumeier, Lars"]
[Result "0-1"]
[WhiteElo "2348"]
[BlackElo "2348"]
[PlyCount "52"]
[EventDate "2016.10.16"]
[EventType "team-tourn"]
[EventRounds "9"]
[EventCountry "GER"]
[SourceTitle "EXT 2018"]
[Source "ChessBase"]
[SourceDate "2017.10.13"]
[SourceVersion "1"]
[SourceVersionDate "2017.10.13"]
[SourceQuality "1"]
[WhiteTeam "Kiel Turm"]
[BlackTeam "Pankow Rotation"]
[WhiteTeamCountry "GER"]
[BlackTeamCountry "GER"]

1. c4 Nf6 2. Nc3 g6 3. e4 d6 4. d4 Bg7 5. f3 0-0 6. Be3 e5 7. Nge2 Nbd7 8. d5 Ne8 9. Qd2 f5 10. 0-0-0 a6 11. exf5 gxf5 12. g4 f4 13. Bf2 b5 14. cxb5 Nb6 15. Kb1 Nf6 16. Bxb6 cxb6 17. g5 Bf5+ 18. Ka1 Nd7 19. h4 axb5 20. Nc1 b4 21. Ne4 Nc5 22. Bd3 Bxe4 23. Bxe4 b3 24. a3 Ra4 25. Rhe1 Qe8 26. Nd3 Nxd3 0-1

[Event "BL2-Nord 1617"]
[Site "Germany"]
[Date "2016.10.16"]
[Round "1.4"]
[White "Neumeier, Lars"]
[Black "Lagunow, Alexander"]
[Result "1/2-1/2"]
[WhiteElo "2354"]
[BlackElo "2432"]
[PlyCount "85"]
[EventDate "2016.10.16"]
[EventType "team-tourn"]
[EventRounds "9"]
[EventCountry "GER"]
[SourceTitle "CBM 175 Extra"]
[Source "ChessBase"]
[SourceDate "2016.12.12"]
[SourceVersion "1"]
[SourceVersionDate "2016.12.12"]
[SourceQuality "1"]
[WhiteTeam "Pankow Rotation"]
[BlackTeam "Zehlendorf"]
[WhiteTeamCountry "GER"]
[BlackTeamCountry "GER"]

1. d4 Nf6 2. c4 g6 3. Nc3 d5 4. cxd5 Nxd5 5. e4 Nxc3 6. bxc3 Bg7 7. Nf3 c5 8. Bb5+ Nc6 9. 0-0 cxd4 10. cxd4 0-0 11. Be3 Bg4 12. Bxc6 bxc6 13. Rc1 Rc8 14. Qa4 Bxf3 15. gxf3 Qd7 16. e5 Qh3 17. Rxc6 Qxf3 18. Rfc1 Qg4+ 19. Kf1 Rb8 20. Qc4 Qh3+ 21. Kg1 Qg4+ 22. Kf1 Qf3 23. Kg1 Rb2 24. Rc8 h5 25. Qc6 Qg4+ 26. Kh1 Rxa2 27. Rxf8+ Bxf8 28. Qa8 Kh7 29. Qd5 Qe6 30. Qxe6 fxe6 31. Rc8 Kg7 32. Kg2 Kf7 33. Kf3 a5 34. Ra8 Bg7 35. h4 Ra1 36. Ke4 a4 37. Kd3 a3 38. Kc2 Rh1 39. Bg5 Rh2 40. Kb3 Rxf2 41. Kxa3 Rc2 42. Kb4 Rc7 43. Rd8 1/2-1/2

[Event "BL2-Nord 1516"]
[Site "Germany"]
[Date "2016.04.24"]
[Round "2.1"]
[White "Kanarek, Marcel"]
[Black "Neumeier, Lars"]
[Result "1-0"]
[WhiteElo "2528"]
[BlackElo "2357"]
[PlyCount "77"]
[EventDate "2015.09.19"]
[EventType "team-tourn"]
[EventRounds "9"]
[EventCountry "GER"]
[SourceTitle "EXT 2017"]
[Source "ChessBase"]
[SourceDate "2016.10.25"]
[SourceVersion "1"]
[SourceVersionDate "2016.10.25"]
[SourceQuality "1"]
[WhiteTeam "Ruedersdorf"]
[BlackTeam "Pankow Rotation"]
[WhiteTeamCountry "GER"]
[BlackTeamCountry "GER"]

1. e4 c5 2. Nf3 d6 3. d4 cxd4 4. Nxd4 Nf6 5. Nc3 a6 6. Nb3 g6 7. Be2 Bg7 8. g4 h6 9. Be3 b5 10. e5 Nxg4 11. Bxg4 Bxg4 12. Qxg4 Bxe5 13. Nd5 Nd7 14. Nd4 Nf6 15. Qf3 Nxd5 16. Qxd5 Rc8 17. Nc6 Qc7 18. Nxe5 dxe5 19. c3 0-0 20. Bxh6 Rfd8 21. Qf3 Qc4 22. b3 Qh4 23. Bd2 e4 24. Qe2 Rd3 25. 0-0-0 Rcd8 26. Kb1 b4 27. cxb4 e3 28. Bc3 Qe4 29. Kb2 f5 30. f3 Qd5 31. Rxd3 Qxd3 32. Qxd3 Rxd3 33. Kc2 Rd6 34. Rd1 Rc6 35. Kd3 f4 36. Be5 g5 37. Rg1 Re6 38. Rxg5+ Kh7 39. Ke2 1-0

[Event "BL2-Nord 1516"]
[Site "Germany"]
[Date "2016.01.17"]
[Round "5.1"]
[White "Pedersen, Steffen"]
[Black "Neumeier, Lars"]
[Result "0-1"]
[WhiteElo "2406"]
[BlackElo "2357"]
[PlyCount "64"]
[EventDate "2015.09.19"]
[EventType "team-tourn"]
[EventRounds "9"]
[EventCountry "GER"]
[SourceTitle "EXT 2017"]
[Source "ChessBase"]
[SourceDate "2016.10.25"]
[SourceVersion "1"]
[SourceVersionDate "2016.10.25"]
[SourceQuality "1"]
[WhiteTeam "Preetz"]
[BlackTeam "Pankow Rotation"]
[WhiteTeamCountry "GER"]
[BlackTeamCountry "GER"]

1. d4 Nf6 2. Nf3 d5 3. c4 c6 4. e3 g6 5. Nc3 Bg7 6. Qb3 0-0 7. Bd2 dxc4 8. Bxc4 b5 9. Be2 a6 10. Qc2 Nbd7 11. a4 Bb7 12. 0-0 Qb8 13. b4 Rc8 14. Qb3 e5 15. Ng5 Rf8 16. dxe5 Qxe5 17. e4 h6 18. Nf3 Qe7 19. Rae1 c5 20. axb5 cxb4 21. bxa6 bxc3 22. axb7 Ra3 23. Qb5 cxd2 24. Nxd2 Rb8 25. Rc1 Ne8 26. Nc4 Ra2 27. Na5 Nd6 28. Nc6 Nxb5 29. Nxe7+ Kf8 30. Nd5 Nd6 31. Rc7 Rxb7 32. Rfc1 Ra1 0-1

[Event "BL2-Nord 1516"]
[Site "Germany"]
[Date "2015.09.20"]
[Round "1.1"]
[White "Neumeier, Lars"]
[Black "Lerch, Philipp"]
[Result "1/2-1/2"]
[WhiteElo "2357"]
[BlackElo "2310"]
[PlyCount "103"]
[EventDate "2015.09.19"]
[EventType "team-tourn"]
[EventRounds "9"]
[EventCountry "GER"]
[SourceTitle "EXT 2017"]
[Source "ChessBase"]
[SourceDate "2016.10.25"]
[SourceVersion "1"]
[SourceVersionDate "2016.10.25"]
[SourceQuality "1"]
[WhiteTeam "Pankow Rotation"]
[BlackTeam "Kreuzberg"]
[WhiteTeamCountry "GER"]
[BlackTeamCountry "GER"]

1. d4 d5 2. c4 dxc4 3. Nc3 a6 4. a4 Nf6 5. Nf3 e6 6. e3 c5 7. Bxc4 Nc6 8. 0-0 Be7 9. Qe2 Qc7 10. Rd1 0-0 11. Bd2 Rd8 12. Be1 cxd4 13. exd4 Nd5 14. Rac1 Bf8 15. Qe4 Nf6 16. Qe2 Nd5 17. Bd2 Nxc3 18. Bxc3 Qe7 19. Qe4 Bd7 20. Bd2 Re8 21. b3 h6 22. Rc3 g6 23. h4 Bg7 24. Bf4 Rac8 25. Qe3 Kh7 26. Rcc1 Nb4 27. Ne5 Nd5 28. Bxd5 exd5 29. h5 Bf5 30. hxg6+ fxg6 31. f3 Rxc1 32. Rxc1 Rc8 33. Rxc8 Bxc8 34. Qc3 Qh4 35. Qc1 Be6 36. a5 Qe7 37. Bd2 Bf5 38. g4 Be6 39. Qc2 Bxe5 40. dxe5 Bf7 41. Qc3 Be6 42. Qe3 g5 43. Qb6 Qd7 44. Be3 Qc6 45. Qb4 Qc7 46. Bd4 Qf7 47. Kg2 h5 48. gxh5 g4 49. fxg4 Bxg4 50. Qc3 Bf5 51. Kf2 Be6+ 52. Qf3 1/2-1/2

[Event "GER CupT final"]
[Site "Magdeburg"]
[Date "2015.05.10"]
[Round "2.1"]
[White "Neumeier, Lars"]
[Black "Nisipeanu, Liviu Dieter"]
[Result "1/2-1/2"]
[WhiteElo "2341"]
[BlackElo "2655"]
[PlyCount "83"]
[EventDate "2015.05.09"]
[EventType "team-k.o."]
[EventRounds "2"]
[EventCountry "GER"]
[SourceTitle "CBM 166 Extra"]
[Source "ChessBase"]
[SourceDate "2015.06.18"]
[SourceVersion "1"]
[SourceVersionDate "2015.06.18"]
[SourceQuality "1"]
[WhiteTeam "Pankow Rotation"]
[BlackTeam "Baden-Baden"]
[WhiteTeamCountry "GER"]
[BlackTeamCountry "GER"]

1. d4 Nf6 2. Nf3 e6 3. c4 Bb4+ 4. Bd2 c5 5. e3 0-0 6. Bd3 Nc6 7. 0-0 d6 8. a3 Bxd2 9. Nbxd2 cxd4 10. exd4 e5 11. d5 Ne7 12. Rc1 Ng6 13. Bxg6 hxg6 14. Re1 Re8 15. Nf1 Bg4 16. h3 Bxf3 17. Qxf3 e4 18. Qb3 Nd7 19. Qg3 Nc5 20. Re2 Nd3 21. Rcc2 Re5 22. Nd2 f5 23. f3 e3 24. f4 Nxf4 25. Qxf4 exd2 26. Qxd2 Qb6+ 27. c5 Rxe2 28. Qxe2 dxc5 29. Qe7 Rd8 30. Rc4 Qd6 31. Qxd6 Rxd6 32. Rxc5 Rd7 33. Kf2 b6 34. Rb5 Kf7 35. Ke3 Re7+ 36. Kf3 Kf6 37. a4 Ke5 38. a5 bxa5 39. Rxa5 Rb7 40. b4 Rxb4 41. d6+ Kxd6 42. Rxa7 1/2-1/2

[Event "GER CupT final"]
[Site "Magdeburg"]
[Date "2015.05.09"]
[Round "1.1"]
[White "Neumeier, Lars"]
[Black "Schoene, Maria"]
[Result "1-0"]
[WhiteElo "2341"]
[BlackElo "2286"]
[PlyCount "69"]
[EventDate "2015.05.09"]
[EventType "team-k.o."]
[EventRounds "2"]
[EventCountry "GER"]
[SourceTitle "CBM 166 Extra"]
[Source "ChessBase"]
[SourceDate "2015.06.18"]
[SourceVersion "1"]
[SourceVersionDate "2015.06.18"]
[SourceQuality "1"]
[WhiteTeam "Pankow Rotation"]
[BlackTeam "Magdeburg Aufbau Elbe"]
[WhiteTeamCountry "GER"]
[BlackTeamCountry "GER"]

1. d4 Nf6 2. Nf3 g6 3. c4 Bg7 4. Nc3 d6 5. e4 0-0 6. Be2 e5 7. d5 a5 8. Bg5 Na6 9. Nd2 Bd7 10. 0-0 Qe8 11. Be3 Kh8 12. b3 Ng8 13. a3 f5 14. f3 f4 15. Bf2 b6 16. Qb1 h5 17. b4 g5 18. c5 bxc5 19. b5 Nb8 20. b6 Qd8 21. Nc4 Nh6 22. Nb5 Bxb5 23. Qxb5 cxb6 24. Rfb1 Nf7 25. Nxb6 Ra7 26. Nc4 Bf6 27. Rb2 Rg8 28. Rab1 Qc7 29. Nxd6 Qxd6 30. Bxc5 Qc7 31. Bxa7 Qxa7+ 32. Qb6 Qe7 33. Qe6 Qa7+ 34. Kf1 Bg7 35. Rb7 1-0

[Event "Oberliga Nord O 1415"]
[Site "Germany"]
[Date "2015.02.22"]
[Round "7.1"]
[White "Neumeier, Lars"]
[Black "Friedrich, Wiede"]
[Result "1/2-1/2"]
[WhiteElo "2320"]
[BlackElo "2268"]
[PlyCount "106"]
[EventDate "2014.09.21"]
[EventType "team-tourn"]
[EventRounds "9"]
[EventCountry "GER"]
[SourceTitle "EXT 2016"]
[Source "ChessBase"]
[SourceDate "2015.10.08"]
[SourceVersion "1"]
[SourceVersionDate "2015.10.08"]
[SourceQuality "1"]
[WhiteTeam "Berlin Rotation"]
[BlackTeam "Potsdam USV"]
[WhiteTeamCountry "GER"]
[BlackTeamCountry "GER"]

1. d4 Nf6 2. Nf3 g6 3. c4 Bg7 4. Nc3 0-0 5. e4 d6 6. Be2 e5 7. d5 Na6 8. Bg5 h6 9. Be3 Ng4 10. Bd2 f5 11. h3 Nf6 12. exf5 gxf5 13. Qc1 f4 14. g3 e4 15. Nh4 e3 16. fxe3 fxg3 17. Ng6 g2 18. Rg1 Bxh3 19. Nf4 Ng4 20. Ne4 Rxf4 21. exf4 Bd4 22. Bxg4 Qh4+ 23. Ke2 Bxg1 24. Be6+ Bxe6 25. Qxg1 Bh3 26. Qd4 Re8 27. Bc3 Qg4+ 28. Kf2 Qxf4+ 29. Kg1 Re5 30. Nf2 Qxd4 31. Bxd4 Rh5 32. Re1 Rh4 33. Bc3 Bf5 34. b3 Nc5 35. Kxg2 Ne4 36. Nxe4 Rxe4 37. Rf1 Re3 38. Bd4 Re2+ 39. Kg3 Be4 40. Bxa7 Rxa2 41. Bb8 Rb2 42. Bxc7 Rxb3+ 43. Kf4 Bd3 44. Rg1+ Kf7 45. Bxd6 Bxc4 46. Rh1 Rf3+ 47. Ke4 Rd3 48. Rxh6 Rxd5 49. Be5 b5 50. Rd6 Rc5 51. Rf6+ Ke8 52. Rb6 Rd5 53. Rd6 Rxd6 1/2-1/2